00704nam a2200169 a 450000100080000000500110000800800410001910000170006024500700007725000110014726000230015830000100018149000390019152002790023065000090050970000160051819448582013-03-21 1975 bl uuuu u0uu1 u #d1 aCALERO H. E. aEl cultivo de la soya en la zona central del litoral ecuatoriano. a2. ed. aQuito: INIAPc1975 a12 p. a(INIAP. Boletín Divulgativo, 66). aCaracterísticas ecológicas de la zona. Condiciones actuales de la zona. Ventajas de sembrar soya. Epocas de siembra. Variedad. Semilla. Suelos. Preparación del terreno. Siembra. Fertilización. Control de malezas. Control de insectos. Enfermedades. Cosecha. Rendimientos. aSoja1 aDÍAZ C. G.